Statistics for How many UK Rappers/Drill rappers can you name 2020-21

Click here to take the quiz!

General Stats

  • This quiz has been taken 201 times
  • The average score is 5 of 15

Answer Stats

HINTAnswer% Correct
Mentioned Mya Mils and Tennessee Thresh in his daily duppyDigga D
87%
he's got commitment issuesCentral Cee
78%
There are more than 20+ of them, TottenhamOFB
58%
fresh homeunknown T
52%
He is a smooth criminal no Michael Jacksonpoundz
36%
Make my first mil' by 2021 and I'll change my name to b1llionzM1llionz
35%
One of the 2 funniest people and has featured on footasylumChunkz and Yung filly
34%
30+ gang members, RIP BIS, LATZ and YOUNG BELLZHarlem Spartans
34%
They are from Peckham, one of the members are kwengfacezone 2
27%
Name is like a supermarket in the UKMorrison
23%
looks like Aj Shabeel and has a song called AMGGeeyou
13%
They use to be mates but went separate ways, have a song called 'snakes'Alz x 38
11%
she's only 17 years oldTeeZandos
7%
Siblings, both artist from Birminghamdutchavelli & Stefflon don
6%
always mentions the premiere league 'OK, OK'JB scofield
4%

Score Distribution

Percentile by Number Answered

Percent of People with Each Score

Your Score History

You have not taken this quiz